Statystyki dla Początkowa jedenastka FC Barcelona 2010

Kliknij tutaj aby rozwiązać quiz!

Ogólne statystyki

  • Ten quiz został rozwiązany 48 razy
  • Średni wynik to 19 z 31

Statystyki odpowiedzi

Gracze% Poprawnych
Lionel Messi
92%
Luis Suarez
89%
Neymar
89%
Marc-André ter Stegen
87%
Ivan Rakitic
82%
Xavi
82%
Dani Alves
79%
Andrés Iniesta
76%
Victor Valdés
74%
Gérard Piqué
71%
Arturo Vidal
68%
Javier Mascherano
68%
Carles Puyol
66%
Jordi Alba
66%
Claudio Bravo
63%
Sergio Busquets
63%
Zlatan Ibrahimović
63%
David Villa
61%
Samuel Umtiti
61%
Alexis Sanchez
55%
Sergi Roberto
55%
Pedro
53%
Clément Lenglet
50%
Eric Abidal
42%
Philippe Coutinho
37%
Cesc Fabregas
34%
Seydou Keita
34%
André Gomes
29%
Paulinho
29%
Adriano
26%
Maxwell
26%

Rozkład punktacji

Percentyl według liczby udzielonych odpowiedzi

Procent ludzi z każdym wynikiem

Twoja historia wyników

Nie rozwiązałeś tego quizu